书目信息 |
| 题名: |
FoxPro3.0 for Windows 95 自学培训教程
|
|
| 作者: | 张正军 主编 | |
| 分册: | ||
| 出版信息: | 北京 电子工业出版社 1998.06 |
|
| 页数: | 350页 | |
| 开本: | 16开 | |
| 丛书名: | ||
| 单 册: | ||
| 中图分类: | TP311.138FP | |
| 科图分类: | ||
| 主题词: | 软件 | |
| 电子资源: | ||
| ISBN: | 7-5053-4284-3 | |
| 000 | 00606nam0 2200193 45 | |
| 001 | 0003280914 | |
| 005 | 20000328093133.3 | |
| 010 | @a7-5053-4284-3@d28.00元 | |
| 100 | @a20000328d1998 km y0chiy0120 ea | |
| 101 | @achi | |
| 105 | @a z 000yy | |
| 200 | 1 | @aFoxPro3.0 for Windows 95 自学培训教程@AFoxPro3.0 for Windows 95 Zi Xue Pei Xun Jiao Cheng@f张正军主编@FZhang Zheng Jun Zhu Bian |
| 210 | @a北京@c电子工业出版社@d1998.06 | |
| 215 | @a350页@d16开 | |
| 606 | 0 | @a软件 |
| 690 | @aTP311.138FP@v3 | |
| 701 | @a张正军@4主编 | |
| 801 | @aCN@bPftUser@c20000328 | |
| 905 | @f3@b51827-829@dTP311.138FP@eZH363 | |
| FoxPro3.0 for Windows 95 自学培训教程/张正军主编.-北京:电子工业出版社,1998.06 |
| 350页;16开 |
| ISBN 7-5053-4284-3:28.00元 |
| ● |
| 相关链接 |
|
|
|
正题名:FoxPro3.0 for Windows 95自学培训教程
索取号:TP311.138FP/ZH363
 
预约/预借
| 序号 | 登录号 | 条形码 | 馆藏地/架位号 | 状态 | 备注 |
| 1 | 51827 | 200518270 | 期刊室512/301自科库 72排1列5层/ [索取号:TP311.138FP/ZH363] | 在馆 | |
| 2 | 51828 | 200518289 | 自科二线400A/400A自科库 6排2列1层/ [索取号:TP311.138FP/ZH363] | 在馆 | |
| 3 | 51829 | 200518298 | 期刊室512/301自科库 42排2列5层/ [索取号:TP311.138FP/ZH363] | 在馆 |